50 years of Japanese broadcasting
Gorde:
| Formatua: | Liburua |
|---|---|
| Hizkuntza: | Undetermined |
| Argitaratua: |
Tokyo
Nippon Hoso Kyokai
1977
|
| Gaiak: | |
| Etiketak: |
Etiketa erantsi
Etiketarik gabe, Izan zaitez lehena erregistro honi etiketa jartzen!
|
| Thư viện lưu trữ: | Trung tâm Học liệu Trường Đại học Cần Thơ |
|---|
| LEADER | 00435nam a2200169Ia 4500 | ||
|---|---|---|---|
| 001 | CTU_83026 | ||
| 008 | 210402s9999 xx 000 0 und d | ||
| 082 | |a 384 | ||
| 082 | |b F469 | ||
| 245 | 0 | |a 50 years of Japanese broadcasting | |
| 260 | |a Tokyo | ||
| 260 | |b Nippon Hoso Kyokai | ||
| 260 | |c 1977 | ||
| 650 | |a Broadcasting | ||
| 650 | |z Japan | ||
| 904 | |i QHieu(sửa) | ||
| 980 | |a Trung tâm Học liệu Trường Đại học Cần Thơ | ||